000
00305nam a22001097a 4500
082
_a
355.02 DAL'H
100
_a
DALVI, J. P BRIGADIER
_9
77729
245
_a
HIMALAYA BLUNDER THE CURTAIN RAISER TO THE SINO INDIAN WAR OF 1962OVIET CONTEST
260
_a
BOMBAY
_b
THACKER
_c
1969
300
_a
506P
942
_c
BK
999
_c
582943
_d
582943